Zjednodušenie postup pri uplatňovaní nároku na peňažné dávky v chorobe a materstve v Českej republike

Pri uplatňovaní si nároku na nemocenské dávky fyzickou osobou nemocensky poistenou (podľa zákona č. 461/2003 Z.z.) sa postupuje podľa platnej Dohody medzi Sociálnou poisťovňou a Českou správou sociálneho zabezpečenia o vzájomnej spolupráci v oblasti sociálneho zabezpečenia. Používajú sa slovenské a...

Ausführliche Beschreibung

Gespeichert in:
Bibliographische Detailangaben
1. Verfasser: Kupkovičová, Simona
Format: Buchkapitel
Sprache:Slowakisch
Schlagworte:
Tags: Tag hinzufügen
Keine Tags, Fügen Sie das erste Tag hinzu!

MARC

LEADER 00000naa$a2200000$$$4500
001 0058217
005 20230925074732.8
041 0 |a slo 
044 |a SK 
245 1 0 |a Zjednodušenie  |b postup pri uplatňovaní nároku na peňažné dávky v chorobe a materstve v Českej republike  |c Simona Kupkovičová 
520 |a Pri uplatňovaní si nároku na nemocenské dávky fyzickou osobou nemocensky poistenou (podľa zákona č. 461/2003 Z.z.) sa postupuje podľa platnej Dohody medzi Sociálnou poisťovňou a Českou správou sociálneho zabezpečenia o vzájomnej spolupráci v oblasti sociálneho zabezpečenia. Používajú sa slovenské a české vnútroštátne tlačivá. Slovenský poistenec si uplatňuje nárok na nemocenské dávky v prípade pobytu v Českej republike priamo v príslušnej pobočke Sociálnej poisťovne. Postup pri uplatnení si nároku na dávky v materstve. 
610 2 0 |a poistenie sociálne 
610 2 0 |a poistenie nemocenské 
610 2 0 |a dávky poistenia nemocenského 
610 2 0 |a dávky v materstve 
610 2 0 |a legislatíva 
610 2 0 |a Slovensko 
610 2 0 |a Česko 
100 1 |a Kupkovičová, Simona